000 00788nam a2200265Ia 4500
003 OSt
005 20220918165313.0
006 a|||||r|||| 00| 0
007 ta
008 220917b |||||||| |||| 00| 0 eng d
020 _a1878289640 (pbk)
024 _a176,027
037 _cTextual
040 _aARTS
_cARTS
_beng
041 _2eng
_aeng
082 _aD65,8(B):(Y), P0 (SC)
100 _aClarke Steve
_917044
245 0 _aHuman centered methods in information systems
_b current research and practice
260 _aUSA
_bIdea Group Publishing
_c2000
300 _av, 241p.
_ccm.
650 _aENGINEERING
_92968
700 _a Lehaney Brian
_923659
942 _hD65,8(B):(Y), P0 (SC)
_cTEXL
_2CC
999 _c129188
_d129188